Statistics for Countries with at Least 3 A's

Click here to take the quiz!

General Stats

  • This quiz has been taken 41 times
  • The average score is 18 of 28

Answer Stats

Country % Correct
Australia
91%
Kazakhstan
89%
Afghanistan
86%
United States of America
80%
Azerbaijan
77%
Antigua and Barbuda
77%
Papua New Guinea
77%
Canada
74%
Madagascar
74%
Albania
74%
Panama
74%
Bahamas
69%
Bosnia and Herzegovina
66%
Trinidad and Tobago
66%
United Arab Emirates
63%
Jamaica
63%
Paraguay
60%
Central African Republic
57%
Saudi Arabia
57%
Federated States of Micronesia
57%
Saint Vincent and the Grenadines
54%
Malaysia
54%
Tanzania
51%
Guatemala
51%
Equatorial Guinea
51%
Mauritania
51%
Marshall Islands
49%
Nicaragua
46%

Score Distribution

Percentile by Number Answered

Percent of People with Each Score

Your Score History

You have not taken this quiz